Ultimate human goals in Comenius and modern pedagogy /

Hlavní autor: Hábl, Jan, 1975-
Korporativní autor: Univerzita Hradec Králové. Katedra pedagogiky a psychologie
Jazyk: Angličtina
Vydáno: Hradec Králové : Gaudeamus, 2011
Vydání: Vyd. 1.
Edice: Recenzované monografie
Témata:
Fyzický popis: 289 s. : il. ; 21 cm
Knihy
Uloženo v:
LEADER 02447nam a2200637 a 4500
001 nkc20112225483
003 CZ PrNK
005 20111110105042.0
007 ta
008 110915s2011 xr a f 000 0 eng
015 |a cnb002225483 
020 |a 978-80-7435-126-6  |q (brož.) 
035 |a (OCoLC)761169684 
040 |a BOA001  |b cze  |d ABA001 
043 |a e-xr--- 
045 |a u-y- 
072 7 |a 37  |x Výchova a vzdělávání  |2 Konspekt  |9 22 
080 |a 37.015.2  |2 MRF 
080 |a 37.013.73  |2 MRF 
080 |a 177.72  |2 MRF 
080 |a 37  |2 MRF 
080 |a (437.3)  |2 MRF 
080 |a (048.8)  |2 MRF 
100 1 |a Hábl, Jan,  |d 1975-  |7 hka2010577128  |4 aut 
245 1 0 |a Ultimate human goals in Comenius and modern pedagogy /  |c Jan Hábl 
246 1 4 |a Ultimate human goals 
250 |a Vyd. 1. 
260 |a Hradec Králové :  |b Gaudeamus,  |c 2011 
300 |a 289 s. :  |b il. ;  |c 21 cm 
490 1 |a Recenzované monografie ;  |v 10 
500 |a Pod názvem: Univerzita Hradec Králové, katedra pedagogiky a psychologie 
500 |a 200 výt. 
504 |a Obsahuje bibliografie a bibliografické odkazy 
550 |a Vydavatel: Univerzita Hradec Králové 
600 1 7 |a Komenský, Jan Amos,  |d 1592-1670  |7 jk01061444  |2 czenas 
648 7 |a 17. století  |7 ch460555  |2 czenas 
648 7 |a 21. století  |7 ch460559  |2 czenas 
650 0 7 |a pedagogická antropologie  |7 ph124010  |y 17. století  |2 czenas 
650 0 7 |a pedagogická antropologie  |7 ph124010  |z Česko  |y 21. století  |2 czenas 
650 0 7 |a filozofie výchovy  |7 ph120230  |y 17. století  |2 czenas 
650 0 7 |a filozofie výchovy  |7 ph120230  |z Česko  |y 21. století  |2 czenas 
650 0 7 |a humanita  |7 ph137497  |x pedagogické aspekty  |2 czenas 
650 0 9 |a educational anthropology  |y 17th century  |2 eczenas 
650 0 9 |a educational anthropology  |z Czechia  |y 21st century  |2 eczenas 
650 0 9 |a philosophy of education  |y 17th century  |2 eczenas 
650 0 9 |a philosophy of education  |z Czechia  |y 21st century  |2 eczenas 
650 0 9 |a humanity  |x educational aspects  |2 eczenas 
655 7 |a monografie  |7 fd132842  |2 czenas 
655 9 |a monographs  |2 eczenas 
710 2 |a Univerzita Hradec Králové.  |b Katedra pedagogiky a psychologie  |7 kn20020422011 
830 0 |a Recenzované monografie  |0 s 
910 2 |a BOA001  |b 2-1271.986 
990 |a BK 
995 |a 01 
991 |b 201109  |c NOV  |e n 
996 6 |b 2610489432  |c 2-1271.986  |l MZK  |r Sklad / do 1 hodiny  |n 2  |p p.v.  |w 001202942  |u 000010  |a 1  |e BOA001  |j MZK50  |s P